00672nam a2200121Ia 4500008004100000041000800041100002800049245004400077260003800121999001700159952018600176952018800362230206s9999 xx 000 0 und d aeng aMurthy E N, Ed.9119284 aThe IUP Journal of Marketing Management c2010bIUP PublicationsaHyderabad c97736d97736 00104070aHIMRbHIMRd2016-11-30eSatya GilanihFeb. 2010 to Nov. 2010 (Vol. 9 No.1 to Vol. 9 No. 4)l0o658.8/MUR BV0401pHIMR-BV-401r2023-02-06 00:00:00w2023-02-06yBVzBV0401 00104070aHIMRbHIMRd2016-11-30eSatya GilanihFeb. 2011 to Nov. 2011 (Vol. 10 No.1 to Vol. 10 No. 4)l0o658.8/MUR BV0402pHIMR-BV-402r2023-02-06 00:00:00w2023-02-06yBVzBV0402